000 00295nam a2200133 i 4500
001 bg
100 1 _aWILKE, K.
245 0 _aVyrascivanie kristallov /
_cK. Wilke.
260 _aLeningrad,
_c1977.
040 _cBPK
041 _apol
942 _cKS
008 s pl f |000 0 pol
999 _c18015
_d18015
856 _uhttp://koha.tu.koszalin.pl/cgi-bin/koha/opac-detail.pl?biblionumber=18015
_yKatalog online BPK